Standard forms of partnering contract (Record no. 82966)
[ view plain ]
| 000 -LEADER | |
|---|---|
| fixed length control field | 00816cab a22002295a 4500 |
| 001 - CONTROL NUMBER | |
| control field | L152448 |
| 008 - FIXED-LENGTH DATA ELEMENTS--GENERAL INFORMATION | |
| fixed length control field | 110308s2011 xxka f 000 0 eng d |
| 035 ## - SYSTEM CONTROL NUMBER | |
| System control number | (Sirsi) u152448 |
| 041 0# - LANGUAGE CODE | |
| Language code of text/sound track or separate title | eng |
| 100 1# - MAIN ENTRY--PERSONAL NAME | |
| Personal name | Bacon, John MD |
| 245 00 - TITLE STATEMENT | |
| Title | Standard forms of partnering contract |
| Remainder of title | the ultimate contractual commitment? |
| 260 ## - PUBLICATION, DISTRIBUTION, ETC. | |
| Date of publication, distribution, etc. | 2011 |
| 490 ## - SERIES STATEMENT | |
| Series statement | Civil Engineering Surveyor |
| Volume/sequential designation | March 2011, 29-32(4) |
| 520 ## - SUMMARY, ETC. | |
| Summary, etc. | Compares the terms of some of the different standard forms of partnering contract currently available. Discusses the (alleged) benefits and asks whether partnering actually works. |
| 590 ## - LOCAL NOTE (RLIN) | |
| Local note | KA |
| 651 #4 - SUBJECT ADDED ENTRY--GEOGRAPHIC NAME | |
| Geographic name | United Kingdom |
| Chronological subdivision | |
| 690 ## - LOCAL SUBJECT ADDED ENTRY--TOPICAL TERM (OCLC, RLIN) | |
| Topical term or geographic name as entry element | BUILT ENVIRONMENT-CONSTRUCTION MANAGEMENT |
| 700 1# - ADDED ENTRY--PERSONAL NAME | |
| Personal name | Hosie, Jonathan |
| 700 1# - ADDED ENTRY--PERSONAL NAME | |
| Personal name | Rowlinson, Michael |
| 700 1# - ADDED ENTRY--PERSONAL NAME | |
| Personal name | Williams, Steven D |
| 942 ## - ADDED ENTRY ELEMENTS (KOHA) | |
| Suppress in OPAC | 0 |
| Withdrawn status | Lost status | Source of classification or shelving scheme | Damaged status | Not for loan | Home library | Current library | Shelving location | Date acquired | Total Checkouts | Full call number | Barcode | Date last seen | Copy number | Price effective from | Koha item type |
|---|---|---|---|---|---|---|---|---|---|---|---|---|---|---|---|
| Dewey Decimal Classification | London | London | Journal article | 08/03/2011 | L152448 | 152448-1001 | 06/08/2019 | 1 | 06/08/2019 | Journal article |